Technické kreslenie pre 1. ročník OU a UŠ drevárskych /

Gespeichert in:
Bibliographische Detailangaben
Hauptverfasser: Šlehofer, Otakar (VerfasserIn), Cvachovec, Václav (VerfasserIn)
Weitere Verfasser: Prikrylová, Lucia (ÜbersetzerIn)
Format: Buch
Sprache:Slowakisch
Tschechisch
Veröffentlicht: Bratislava : Alfa, vydavateľstvo technickej a ekonomickej literatúry, 1972
Ausgabe:3. oprav. vyd.
Schriftenreihe:Edícia literatúry pre spotrebný priemysel
Online-Zugang: Volltext
Tags: Tag hinzufügen
Keine Tags, Fügen Sie den ersten Tag hinzu!

MARC

LEADER 00000cam a2200000 4500
003 SK-BrCVT
005 20220621170242.0
008 081103s1972 cs e ||||||slo d
035 |a CVTIDW1465697 
040 |b slo  |a CVTI SR  |e AACR2 
041 1 |a slo  |h cze 
044 |a cs 
080 |a 744:621.71  |2 UDC-MRF 
080 |a 674  |2 UDC-MRF 
100 1 |a Šlehofer, Otakar  |4 aut 
245 1 0 |a Technické kreslenie pre 1. ročník OU a UŠ drevárskych /  |c Otakar Šlehofer, Václav Cvachovec ; z českého originálu preložila: Lucia Prikrylová 
250 |a 3. oprav. vyd. 
260 |a Bratislava :  |b Alfa, vydavateľstvo technickej a ekonomickej literatúry,  |c 1972 
300 |a 119 s. 
490 1 |a Edícia literatúry pre spotrebný priemysel  |3 0525847 
700 1 |a Cvachovec, Václav  |4 aut 
700 1 |a Prikrylová, Lucia  |4 trl 
760 1 |t Edícia literatúry pre spotrebný priemysel 
910 |b A285884 
974 |f Knihy 
992 |a AUS 
999 |c 179555  |d 179555